Technische Normen und freier Warenverkehr in der EWG
Guardado en:
| Autor principal: | |
|---|---|
| Formato: | Libro |
| Lenguaje: | alemán |
| Publicado: |
Köln
Heymann
1990
|
| Edición: | 1. Aufl. |
| Etiquetas: |
Sin Etiquetas, Sea el primero en etiquetar este registro!
|
MARC
| LEADER | 00000nam a2200000 4500 | ||
|---|---|---|---|
| 001 | c000734 | ||
| 005 | 20230228082348.8 | ||
| 020 | |a 3-452-21495-8 | ||
| 041 | 0 | |a ger | |
| 044 | |a DE | ||
| 245 | 1 | 0 | |a Technische Normen und freier Warenverkehr in der EWG |c Peter Michal Mohr |
| 250 | |a 1. Aufl. | ||
| 264 | 1 | |a Köln |b Heymann |c 1990 | |
| 300 | |a 170 s. | ||
| 100 | 1 | |a Mohr, Peter Michal | |